[Event "Youth League Tournament"]
[Site "SchemingMind.com"]
[Date "2006.09.27"]
[Round "-"]
[White "Maksymiliang"]
[Black "asperse"]
[Result "1-0"]
[WhiteCountry "POL"]
[BlackCountry "ENG"]
[WhiteElo "1783"]
[WhiteRD "103"]
[BlackElo "1400"]
[BlackRD "75"]
[GameID "69226"]

1. Nf3 d5 2. c4 dxc4 3. Qa4+ Nc6 4. Qxc4 e5 5. d3 Be6 6. Qa4 Qd7 7. a3 O-O-O 8. Nxe5 Nxe5 9. Qxa7 Qc6 10. Nc3 Bc5
11. Qa8+ Kd7 12. Qa4 Qxa4 13. Nxa4 Bd6 14. g3 Nf6 15. Bg2 c6 16. O-O Nd5 17. Bxd5 Bxd5 18. Nb6+ Ke7 19. Nxd5+ cxd5 20. b4 b5
21. Kg2 Rhe8 22. Bb2 Kf8 23. Rfe1 Ng4 24. h3 Nf6 25. Bxf6 gxf6 26. d4 Re7 27. Rac1 Rde8 28. e3 f5 29. Kf3 h5 30. h4 Re6=
31. Rc6 Kg7 32. Rec1 Bb8 33. R6c5 Rd6 34. Rxb5 Ree6 35. Rxb8 Rc6 36. Rc8 Ra6 37. R1c3 Red6= 38. Kf4 Kg6 39. b5 Rab6 40. R8c6
1-0

[Event "Youth League Tournament"]
[Site "SchemingMind.com"]
[Date "2006.09.27"]
[Round "-"]
[White "asperse"]
[Black "Maksymiliang"]
[Result "0-1"]
[WhiteCountry "ENG"]
[BlackCountry "POL"]
[WhiteElo "1408"]
[WhiteRD "73"]
[BlackElo "1794"]
[BlackRD "109"]
[GameID "69227"]

1. Nf3 Nf6 2. g3 d5 3. Bg2 e6 4. O-O Be7 5. d4 c5 6. dxc5 Bxc5 7. Nc3 O-O 8. Bg5 h6 9. Bxf6 Qxf6 10. e4 dxe4
11. Nxe4 Qe7 12. Nxc5 Qxc5 13. Qd3 Nc6 14. a3 Rd8 15. Qe4 Rb8 16. Rad1 Bd7 17. c3 Be8 18. Rxd8 Rxd8 19. Nd4 Nxd4 20. cxd4 Qxd4
21. Qxb7 Qb6 22. Qxb6 axb6 23. b3 Rd3 24. Rb1 g5 25. a4 Kg7 26. Be4 Rd2 27. Ra1 Rb2 28. Ra3 f5 29. Bd3 Bc6 30. Bc4= Rb1+
31. Bf1 Bd5 32. a5 bxa5 33. Rxa5 Bxb3 34. Rb5 Bc2 35. Rc5 Bd3 36. Rc7+ Kf6
0-1

[Event "Youth League Tournament"]
[Site "SchemingMind.com"]
[Date "2006.09.30"]
[Round "-"]
[White "fouche"]
[Black "asperse"]
[Result "1-0"]
[WhiteCountry "COL"]
[BlackCountry "ENG"]
[WhiteElo "1599"]
[WhiteRD "58"]
[BlackElo "1370"]
[BlackRD "71"]
[GameID "69517"]

1. e4 e5 2. f4 d5 3. exd5 e4 4. Bc4 f5 5. d4 Nf6 6. Ne2 Nxd5 7. O-O Be6 8. Bb5+ c6 9. Ba4 b5 10. Bb3 c5
11. c4 bxc4 12. Bxc4 cxd4 13. Nxd4 Bc5 14. Kh1 Bxd4 15. Qxd4 O-O 16. Nc3 Nc6 17. Qc5 Nxc3 18. Bxe6+ Kh8 19. Qxc3 Nd4 20. Bb3 Ne2
21. Qe3 Nxc1 22. Raxc1 Qf6 23. Rc3 a5 24. a3 Rg8 25. Bxg8
1-0

[Event "Youth League Tournament"]
[Site "SchemingMind.com"]
[Date "2006.09.30"]
[Round "-"]
[White "fouche"]
[Black "Maksymiliang"]
[Result "1/2-1/2"]
[WhiteCountry "COL"]
[BlackCountry "POL"]
[WhiteElo "1619"]
[WhiteRD "56"]
[BlackElo "1783"]
[BlackRD "103"]
[GameID "69518"]

1. d4 Nf6 2. c4 e6 3. Nc3 Bb4 4. Nf3 c5 5. e3 O-O 6. Bd3 Bxc3+ 7. bxc3 b6 8. O-O Bb7 9. Bb2 d5 10. Rc1 cxd4
11. cxd4 Nbd7 12. cxd5 exd5 13. Nd2 Rc8 14. Qa4 Rxc1 15. Rxc1 Qb8 16. Bb5 Rd8 17. Rc3 Nf8 18. Qc2 Rc8 19. Ba3 Rxc3 20. Qxc3 N8d7
21. f3 a6 22. Bd3 b5 23. Nb3 Nb6 24. Qc5 Nc4 25. Bc1 Nd7 26. Qe7 Qc8 27. Qh4 Nf6 28. Nc5 Ba8 29. e4 dxe4 30. fxe4 Qg4
31. Qxg4 Nxg4 32. Nxa6 Nf6 33. d5 h6 34. Nc7 Bb7 35. Nxb5 Ne5 36. Bc2 Ba6 37. a4 Kf8 38. Bb2 Nc4 39. Bd4 Bxb5 40. axb5 Ke7
41. b6 Na5 42. Bc5+ Kd8 43. Kf1 Nb7 44. Ba3 Nd7 45. d6 Nxb6 46. Bb3 f6 47. Be6 Nd7 48. Ke2 Ke8 49. Kf3 Nd8 50. Bf5 Nf7
51. h4 g6 52. Be6 h5 53. Bb4 Nfe5+ 54. Ke2 Kd8 55. Kd2 Nc6 56. Bc3 Nce5 57. Ke3 Nc5 58. Bxe5 fxe5 59. Bh3 Nb7 60. d7 Nc5
61. g4 hxg4 62. Bxg4 Nxd7 63. Bxd7 Kxd7 64. Kf3 Ke7 65. Kg3 Kf7 66. Kg4 Kf6 67. h5 gxh5+ 68. Kxh5 Kf7 69. Kg5 Ke6 70. Kg6 Ke7
71. Kf5 Kd6 72. Kf6 Kd7 73. Kxe5 Ke7 74. Kd5 Kd7 75. e5 Ke7 76. e6=
1/2-1/2

[Event "Youth League Tournament"]
[Site "SchemingMind.com"]
[Date "2006.09.30"]
[Round "-"]
[White "asperse"]
[Black "fouche"]
[Result "1-0"]
[WhiteCountry "ENG"]
[BlackCountry "COL"]
[WhiteElo "1370"]
[WhiteRD "71"]
[BlackElo "1599"]
[BlackRD "58"]
[GameID "69519"]

1. f4 d5 2. e3 Nc6 3. Nf3 Bg4 4. Be2 Qd6 5. O-O O-O-O 6. h3 Bxf3 7. Bxf3 Nf6 8. b3 e5 9. Bb2 e4 10. Bg4+ Kb8
11. d4 h5 12. Be2 g6 13. Qd2 Ng8 14. Na3 a6 15. c4 f5 16. Rad1 Be7 17. c5 Qf6 18. b4 g5 19. fxg5 Qxg5 20. Rf2 Nf6
21. Rdf1 Rhg8 22. Bd1 Rdf8 23. Rxf5 Qh6 24. b5 axb5 25. Nxb5 Rg3 26. Bc1 Rfg8 27. R1f2 Rxh3 28. a4 Rhg3 29. Qa2 h4 30. Rxf6 Bxf6
31. Qxd5 h3 32. Qd7 Rxg2+ 33. Rxg2 Rxg2+ 34. Kf1 Qg7 35. Qxh3 Nb4 36. Qxg2 Qf7 37. Qxe4 Bh4+ 38. Bf3 c6 39. Qe5+ Ka8 40. Qh8+
1-0

[Event "Youth League Tournament"]
[Site "SchemingMind.com"]
[Date "2006.09.30"]
[Round "-"]
[White "Maksymiliang"]
[Black "fouche"]
[Result "1-0"]
[WhiteCountry "POL"]
[BlackCountry "COL"]
[WhiteElo "1769"]
[WhiteRD "127"]
[BlackElo "1599"]
[BlackRD "58"]
[GameID "69520"]

1. e4 c6 2. d4 d5 3. Nd2 dxe4 4. Nxe4 Nf6 5. Nxf6+ gxf6 6. Nf3 Bg4 7. Be2 e6 8. O-O Nd7 9. h3 Bh5 10. b3 Bd6
11. Bb2 Qc7 12. Re1 O-O-O 13. Nd2 Rhg8 14. Bxh5 Rxg2+ 15. Kxg2 Rg8+ 16. Bg4 Qa5 17. Nf3 h5 18. Nh2 hxg4 19. hxg4 Bxh2 20. Kxh2 Qh5+
21. gxh5
1-0

[Event "Youth League Tournament"]
[Site "SchemingMind.com"]
[Date "2006.09.30"]
[Round "-"]
[White "Mitchell-in"]
[Black "asperse"]
[Result "1-0"]
[WhiteCountry "ENG"]
[BlackCountry "ENG"]
[WhiteElo "1567"]
[WhiteRD "64"]
[BlackElo "1369"]
[BlackRD "76"]
[GameID "69537"]

1. e4 e5 2. Nf3 Nc6 3. Bc4 Nf6 4. d4 Nxe4 5. dxe5 Bc5 6. Qd5 Bxf2+ 7. Kf1 O-O 8. Qxe4 Bc5 9. Bg5 Ne7 10. Bd3 g6
11. Bh6 Re8 12. Qf4 Nd5 13. Qc4 Ne3+ 14. Bxe3 Bxe3 15. Nc3 c6 16. Qe4 Bh6 17. Kf2 d5 18. Qe2 Bg4 19. Rae1 Qb6+ 20. Kf1 Re6
21. b3 Rae8 22. Na4 Qc7 23. Nc5 Bxf3 24. Qxf3 Rxe5 25. Rxe5 Rxe5 26. Qf6 Bd2 27. g3 b6 28. Na4 c5 29. Qf2 c4 30. Qxd2 cxd3
31. Qxd3 Rf5+ 32. Kg2 d4 33. Rf1 Qc6+ 34. Kg1 Qd5 35. Rxf5 gxf5 36. c3 Qe4 37. Qxe4 fxe4 38. cxd4 Kf8 39. Nc3 e3 40. Kf1 f5
41. Ke2
1-0

[Event "Youth League Tournament"]
[Site "SchemingMind.com"]
[Date "2006.09.30"]
[Round "-"]
[White "Mitchell-in"]
[Black "fouche"]
[Result "1/2-1/2"]
[WhiteCountry "ENG"]
[BlackCountry "COL"]
[WhiteElo "1580"]
[WhiteRD "62"]
[BlackElo "1619"]
[BlackRD "56"]
[GameID "69538"]

1. e4 e6 2. d4 d5 3. exd5 exd5 4. Nf3 Bg4 5. Be2 Nd7 6. O-O Be7 7. h3 Bh5 8. c3 Ngf6 9. Bf4 O-O 10. Nbd2 Ne4
11. Nxe4 dxe4 12. Nd2 Bxe2 13. Qxe2 f5 14. Rfe1 Nf6 15. f3 c5 16. fxe4 cxd4 17. Qc4+ Kh8 18. cxd4 Rc8 19. Qd3 fxe4 20. Nxe4 Nxe4
21. Qxe4 Bf6 22. Be5 Qb6 23. Bxf6 gxf6 24. b3 Rcd8 25. Rad1 Rd6 26. Kh1 Rfd8 27. d5 Qc5 28. Qd4 Qxd4 29. Rxd4 R8d7 30. Red1 Kg7
31. g4 Kg6 32. Kg2 b5 33. a4 bxa4 34. bxa4 a5 35. h4 h5 36. Kg3 Rc7 37. R1d3 Rc1 38. gxh5+ Kxh5 39. Rd2 Rc3+ 40. R2d3 Rc1=
1/2-1/2

[Event "Youth League Tournament"]
[Site "SchemingMind.com"]
[Date "2006.09.30"]
[Round "-"]
[White "Mitchell-in"]
[Black "Maksymiliang"]
[Result "1/2-1/2"]
[WhiteCountry "ENG"]
[BlackCountry "POL"]
[WhiteElo "1578"]
[WhiteRD "60"]
[BlackElo "1737"]
[BlackRD "99"]
[GameID "69539"]

1. e4 c5 2. c3 Nc6 3. d4 cxd4 4. cxd4 e6 5. Nf3 d5 6. exd5 exd5 7. Bb5 Nf6 8. O-O Be7 9. Nc3 O-O 10. Be3 a6
11. Bxc6 bxc6 12. Qd3 Bb7 13. Rfe1 Re8 14. Bf4 Nd7 15. Re2 Nf6 16. Rae1= h6 17. Ne5 Bd6 18. Qg3 Nh5 19. Qf3 Nxf4 20. Qxf4 Bxe5
21. Rxe5 Rxe5 22. Qxe5 Kf8 23. Na4 Bc8 24. Nb6 Ra7 25. Nxc8 Qxc8 26. Qd6+ Kg8 27. Re7 Rxe7 28. Qxe7 Qe6 29. Qxe6 fxe6 30. Kf1 Kf7
31. Ke2 Kf6 32. Ke3 e5 33. g3 e4 34. f3 exf3 35. Kxf3 h5 36. b4 Kf5 37. h4 g6 38. a3 g5 39. hxg5 Kxg5 40. a4 Kf5
41. Ke3=
1/2-1/2

[Event "Youth League Tournament"]
[Site "SchemingMind.com"]
[Date "2006.09.30"]
[Round "-"]
[White "asperse"]
[Black "Mitchell-in"]
[Result "0-1"]
[WhiteCountry "ENG"]
[BlackCountry "ENG"]
[WhiteElo "1388"]
[WhiteRD "73"]
[BlackElo "1578"]
[BlackRD "60"]
[GameID "69540"]

1. Nf3 c5 2. g3 Nc6 3. Bg2 g6 4. O-O Bg7 5. d3 d6 6. e4 Nf6 7. Bf4 Nh5 8. Qe1 Nxf4 9. gxf4 Bxb2 10. Nc3 Bxa1
11. Qxa1 Bd7 12. Nd5 f6 13. Re1 O-O 14. a4 e6 15. Nc3 a6 16. f5 g5 17. fxe6 Bxe6 18. Rb1 Qc7 19. Rb2= b5 20. Nd5 Bxd5
21. exd5 Ne7 22. c4 b4 23. h4 h6 24. hxg5 fxg5 25. Qd1 Nf5 26. Bh3 Qf7 27. Bxf5 Qxf5 28. Qe2 Rae8 29. Qd1 Qxf3
0-1

[Event "Youth League Tournament"]
[Site "SchemingMind.com"]
[Date "2006.09.30"]
[Round "-"]
[White "fouche"]
[Black "Mitchell-in"]
[Result "1/2-1/2"]
[WhiteCountry "COL"]
[BlackCountry "ENG"]
[WhiteElo "1619"]
[WhiteRD "56"]
[BlackElo "1580"]
[BlackRD "62"]
[GameID "69541"]

1. c4 Nf6 2. Nc3 e6 3. Nf3 b6 4. g3 Bb7 5. Bg2 Be7 6. O-O O-O 7. d4 d5 8. b3 c5 9. Bf4 Nc6 10. a3 Bd6
11. cxd5 exd5 12. Qd3 Bxf4 13. gxf4 Qd6 14. e4 dxe4 15. Nxe4 Nxe4 16. Qxe4 cxd4 17. Nxd4 Rfe8 18. Qd3 Qxd4 19. Qxd4 Nxd4 20. Bxb7= Rab8
21. Bd5 Ne2+ 22. Kh1 Nxf4 23. Bc6 Rec8 24. Bf3 Rc3 25. Bd1 Rbc8 26. Rb1 a5 27. Bg4 R8c7 28. Rfe1 g6 29. Re8+ Kg7 30. h4 Nh3
31. Bxh3 Rxh3+ 32. Kg2 Rxh4 33. Rb8 Rc6 34. b4 axb4 35. axb4 h5 36. b5 Rd6 37. Rc1 Rg4+ 38. Kf1 Rf4 39. Rc6 Rff6 40. Rbxb6 Rd1+
41. Ke2 Rxc6 42. Rxc6 Rb1 43. b6 h4 44. Kf3 f5 45. Kf4 Rb2 46. Kg5 Rxf2 47. Rc7+ Kf8 48. Kf6 Ke8 49. b7 Rb2 50. Rh7 Kd8
51. Kxg6=
1/2-1/2

[Event "Youth League Tournament"]
[Site "SchemingMind.com"]
[Date "2006.09.30"]
[Round "-"]
[White "Maksymiliang"]
[Black "Mitchell-in"]
[Result "1/2-1/2"]
[WhiteCountry "POL"]
[BlackCountry "ENG"]
[WhiteElo "1783"]
[WhiteRD "103"]
[BlackElo "1580"]
[BlackRD "62"]
[GameID "69542"]

1. d4 d5 2. c4 e5 3. cxd5 Qxd5 4. Nc3 Bb4 5. Bd2 Bxc3 6. Bxc3 exd4 7. Nf3 c5 8. e3 Nc6 9. exd4 cxd4 10. Nxd4 Nxd4
11. Qxd4 Qxd4 12. Bxd4 f6 13. Bb5+ Bd7 14. Bxd7+ Kxd7 15. O-O Ne7 16. Rfd1 Ke8 17. Rac1 Kf7 18. f3 b6 19. Rc7 Rhc8 20. Rdc1 Rxc7
21. Rxc7 Ke6 22. Kf2 Kd6 23. Rc2 Rc8 24. Rd2 Ke6 25. a3 Nf5 26. Be3 Nxe3 27. Kxe3 g5 28. g4 h6=
1/2-1/2

[Event "Youth League Tournament"]
[Site "SchemingMind.com"]
[Date "2006.10.01"]
[Round "-"]
[White "andy5698"]
[Black "Mitchell-in"]
[Result "0-1"]
[WhiteCountry "ENG"]
[BlackCountry "ENG"]
[WhiteElo "1229"]
[WhiteRD "79"]
[BlackElo "1552"]
[BlackRD "65"]
[GameID "69682"]

1. e4 c5 2. d4 cxd4 3. Qxd4 Nf6 4. Nf3 Nc6 5. Nc3 Nxd4 6. Nxd4 e5 7. Nf5 d5 8. Bb5+ Bd7 9. exd5 Bxb5 10. Nxb5 Qa5+
11. Bd2 Qxb5 12. O-O-O g6 13. Bg5 Bg7 14. Bh6 Bxh6+ 15. Nxh6 Nxd5 16. b3 Nc3 17. Rde1 Nxa2+ 18. Kb2 Nb4 19. c4 Qa5 20. Ra1 Qc7
21. Rae1 Nd3+ 22. Kc3 Nxe1 23. Rxe1 O-O-O 24. Nxf7 Qxf7 25. Rxe5 Qxf2 26. Rg5 Qd2#
0-1

[Event "Youth League Tournament"]
[Site "SchemingMind.com"]
[Date "2006.10.03"]
[Round "-"]
[White "acchessor"]
[Black "asperse"]
[Result "0-1"]
[WhiteCountry "USA"]
[BlackCountry "ENG"]
[WhiteElo "1371"]
[WhiteRD "104"]
[BlackElo "1400"]
[BlackRD "75"]
[GameID "69980"]

1. e4 e5 2. Bc4 Nf6 3. Nf3 Nc6 4. Ng5 d5 5. Bb3 Nxe4 6. Nxe4 dxe4 7. Nc3 Bf5 8. O-O Bc5 9. Qh5 g6 10. Qe2 O-O
11. Nxe4 Bxe4 12. Qxe4 Qf6 13. d3 a5 14. Be3 b6 15. Bxc5 bxc5 16. Bd5 Ra6 17. Rfe1 Nb4 18. Bb3 a4 19. Bc4 Rd6 20. Re2 Re8
21. a3 Nc6 22. Bb5 Ree6 23. Rae1 Nd4 24. Bc4 Nxe2+ 25. Rxe2 Re7 26. f4 Qh4 27. fxe5 Qxe4 28. Rxe4 Rd4 29. Re3 Rf4 30. g3 Rg4
31. e6 f5 32. Kf2 f4 33. gxf4 Rxf4+ 34. Kg3 Rf6 35. Kg4 h5+ 36. Kg5 Rf5+ 37. Kxg6 Rf2 38. Kxh5 Rh7+ 39. Kg6 Rg7+
0-1

[Event "Youth League Tournament"]
[Site "SchemingMind.com"]
[Date "2006.10.03"]
[Round "-"]
[White "acchessor"]
[Black "fouche"]
[Result "1-0"]
[WhiteCountry "USA"]
[BlackCountry "COL"]
[WhiteElo "1376"]
[WhiteRD "110"]
[BlackElo "1586"]
[BlackRD "57"]
[GameID "69981"]

1. e4 c5 2. c3 d6 3. Nf3 Nc6 4. d4 cxd4 5. cxd4 d5 6. exd5 Qxd5 7. Nc3 Qa5 8. Bf4 Nf6 9. Bc4 e6 10. O-O Be7
11. Re1 O-O 12. Qd3 a6 13. a3 Rd8 14. Be3 b5 15. Bb3 Bb7 16. Rad1 e5 17. d5 Na7 18. Nxe5 Qc7 19. Rd2 Bd6 20. Nf3 Re8
21. Rde2 Qd7 22. h3 Nc8 23. Bc2 g6 24. Qd4 Be7 25. Bb3 Nd6 26. Ne5 Qc7 27. Bf4 Nf5 28. Qd3 Rad8 29. g3 Bd6 30. g4 Nh4
31. Qg3 Nd7 32. Qxh4 Nxe5 33. Qg3 Nc4 34. Rxe8+
1-0

[Event "Youth League Tournament"]
[Site "SchemingMind.com"]
[Date "2006.10.03"]
[Round "-"]
[White "acchessor"]
[Black "Maksymiliang"]
[Result "0-1"]
[WhiteCountry "USA"]
[BlackCountry "POL"]
[WhiteElo "1371"]
[WhiteRD "104"]
[BlackElo "1783"]
[BlackRD "103"]
[GameID "69982"]

1. e4 e6 2. d4 d5 3. Nc3 dxe4 4. Nxe4 Nd7 5. Nf3 Ngf6 6. Nc3 c5 7. Bf4 a6 8. Bc4 b5 9. Bd3 c4 10. Be4 Nxe4
11. Nxe4 Qb6 12. O-O Be7 13. Re1 O-O 14. c3 Bb7 15. Qd2 Rfd8 16. b3 cxb3 17. axb3 Nf8 18. Rad1 Ng6 19. Bg3 h6 20. h3 Rac8
21. Qe3 Bxe4 22. Qxe4 Rxc3 23. Rb1 b4 24. Rec1 Bd6 25. Bxd6 Rxc1+ 26. Rxc1 Rxd6 27. Rc4 a5 28. Ne5 Nxe5 29. Qxe5 Rc6 30. Rxc6 Qxc6
31. Qxa5 Qc1+ 32. Kh2 Qf4+ 33. g3 Qxf2+ 34. Kh1 Qe1+ 35. Kg2 Qe4+ 36. Kh2 Qc2+ 37. Kg1 Qxb3 38. Qc5 Qd1+ 39. Kg2 Qe2+ 40. Kg1 b3
0-1

[Event "Youth League Tournament"]
[Site "SchemingMind.com"]
[Date "2006.10.03"]
[Round "-"]
[White "acchessor"]
[Black "Mitchell-in"]
[Result "0-1"]
[WhiteCountry "USA"]
[BlackCountry "ENG"]
[WhiteElo "1297"]
[WhiteRD "117"]
[BlackElo "1579"]
[BlackRD "68"]
[GameID "69983"]

1. e4 c5 2. c3 Nc6 3. Nf3 Nf6 4. e5 Ng4 5. d4 cxd4 6. Nxd4 Nxd4 7. cxd4 d6 8. Bf4 dxe5 9. dxe5 Qxd1+ 10. Kxd1 Nxf2+
0-1

[Event "Youth League Tournament"]
[Site "SchemingMind.com"]
[Date "2006.10.03"]
[Round "-"]
[White "asperse"]
[Black "acchessor"]
[Result "1/2-1/2"]
[WhiteCountry "ENG"]
[BlackCountry "USA"]
[WhiteElo "1408"]
[WhiteRD "73"]
[BlackElo "1376"]
[BlackRD "110"]
[GameID "69985"]

1. f4 Nc6 2. e4 Nf6 3. Nc3 e5 4. Nf3 d6 5. Bc4 Be6 6. Bxe6 fxe6 7. d4 exd4 8. Nxd4 Nxd4 9. Qxd4 Be7 10. O-O O-O
11. e5 dxe5 12. Qxd8 Raxd8 13. fxe5 Ng4 14. Rxf8+ Rxf8 15. Bd2 Rf2 16. Rd1 Bc5 17. Kh1 Ne3 18. Bxe3 Bxe3 19. Rd8+ Kf7 20. Rd7+ Kg6
21. h3 Rf1+ 22. Kh2 Bf4+ 23. g3 Rf2+ 24. Kg1 Bxg3 25. Rxc7 Rxc2 26. Rxb7 Bxe5 27. Na4= Bd4+ 28. Kf1 Kg5 29. a3 Kh4 30. b4 Kxh3
31. Re7 Rf2+ 32. Ke1 Kg3 33. Rxe6 Ra2 34. Nc5 Bxc5 35. bxc5 Rxa3 36. c6 Rc3 37. Kd2 Rc4 38. Kd3 Rc5=
1/2-1/2

[Event "Youth League Tournament"]
[Site "SchemingMind.com"]
[Date "2006.10.03"]
[Round "-"]
[White "Maksymiliang"]
[Black "acchessor"]
[Result "1-0"]
[WhiteCountry "POL"]
[BlackCountry "USA"]
[WhiteElo "1769"]
[WhiteRD "127"]
[BlackElo "1297"]
[BlackRD "117"]
[GameID "69987"]

1. c4 e5 2. Nc3 Nc6 3. Nf3 Bc5 4. d3 Nf6 5. Bg5 O-O 6. e3 h6 7. Bh4 d6 8. Be2 Be6 9. O-O Qd7 10. Bxf6 gxf6
11. a3 Bf5 12. b4 Nxb4 13. axb4 Bxb4 14. Nd5
1-0

[Event "Youth League Tournament"]
[Site "SchemingMind.com"]
[Date "2006.10.03"]
[Round "-"]
[White "Mitchell-in"]
[Black "acchessor"]
[Result "1-0"]
[WhiteCountry "ENG"]
[BlackCountry "USA"]
[WhiteElo "1580"]
[WhiteRD "62"]
[BlackElo "1371"]
[BlackRD "104"]
[GameID "69988"]

1. e4 e5 2. Nf3 Nc6 3. Bc4 Bc5 4. c3 Nf6 5. d3 O-O 6. O-O d6 7. Bg5 h6 8. Bh4 Be6 9. Bb3 Bxb3 10. Qxb3 Qd7
11. Bxf6 gxf6 12. Nh4 Ne7 13. Nd2 b6 14. Ndf3 Kh7 15. d4 exd4 16. cxd4 Qg4 17. dxc5 Qxe4 18. cxd6 cxd6 19. Rfe1 Qb7 20. Qe3 Rfe8
21. Qe4+ Qxe4 22. Rxe4 Nd5 23. Rae1 Rxe4 24. Rxe4 Rc8 25. h3 Rc1+ 26. Re1 Rxe1+ 27. Nxe1 Nb4 28. a3 Nc2 29. Nxc2
1-0

[Event "Youth League Tournament"]
[Site "SchemingMind.com"]
[Date "2006.10.05"]
[Round "-"]
[White "tassie_devil"]
[Black "asperse"]
[Result "1-0"]
[WhiteCountry "AUS"]
[BlackCountry "ENG"]
[WhiteElo "1915"]
[WhiteRD "90"]
[BlackElo "1408"]
[BlackRD "73"]
[GameID "70138"]

1. e4 e5 2. Nf3 Nc6 3. d4 exd4 4. Nxd4 Nxd4 5. Qxd4 d6 6. e5 Be6 7. Bd2 dxe5 8. Qxe5 Bd6 9. Qxg7 f6 10. Qxh8 Qe7
11. Bd3 O-O-O 12. Qxh7 Qe8 13. O-O Be5 14. Bc3 Bxc3 15. Nxc3 Ne7 16. Rae1 Rd6 17. Nb5 Ra6 18. Nxc7 Kxc7 19. Bxa6 bxa6 20. Rxe6
1-0

[Event "Youth League Tournament"]
[Site "SchemingMind.com"]
[Date "2006.10.05"]
[Round "-"]
[White "tassie_devil"]
[Black "fouche"]
[Result "1-0"]
[WhiteCountry "AUS"]
[BlackCountry "COL"]
[WhiteElo "1915"]
[WhiteRD "90"]
[BlackElo "1586"]
[BlackRD "57"]
[GameID "70139"]

1. e4 e5 2. Nf3 Nf6 3. Nxe5 d6 4. Nf3 Nxe4 5. d3 Nf6 6. Be2 Be7 7. O-O O-O 8. b3 Bg4 9. Nbd2 Nbd7 10. d4 Re8
11. h3 Bh5 12. Bb2 d5 13. Re1 Bd6 14. Ne5 Bxe2 15. Rxe2 c5 16. Nxd7 Qxd7 17. dxc5 Bxc5 18. Bxf6 gxf6 19. Nf3 Rxe2 20. Qxe2 Re8
21. Qd2 Bf8 22. c4 Qf5 23. Qxd5 Qxd5 24. cxd5 Re2 25. Kf1 Rc2 26. Rd1 Bc5 27. Rd2 Rc1+ 28. Ke2 Kf8 29. d6 Ke8 30. d7+ Kd8
31. Rd5 Be7 32. Nh4 Kc7 33. Nf5 Bd8 34. a4 Rc2+ 35. Ke1 Rb2 36. Rd3 a6 37. Nd6 Rb1+ 38. Ke2 Be7 39. Nxf7 Rb2+ 40. Kf3 b5
41. d8=Q+
1-0

[Event "Youth League Tournament"]
[Site "SchemingMind.com"]
[Date "2006.10.05"]
[Round "-"]
[White "tassie_devil"]
[Black "Maksymiliang"]
[Result "1/2-1/2"]
[WhiteCountry "AUS"]
[BlackCountry "POL"]
[WhiteElo "1915"]
[WhiteRD "90"]
[BlackElo "1794"]
[BlackRD "109"]
[GameID "70140"]

1. e4 c6 2. d4 d5 3. e5 Bf5 4. Bd3 Bxd3 5. Qxd3 e6 6. Ne2 a6 7. c3 c5 8. b3 Nc6 9. Be3 cxd4 10. cxd4 Bb4+
11. Nbc3 Nge7 12. O-O O-O 13. a3 Ba5 14. b4 Bb6 15. Na4 Ba7 16. Nc5 Bxc5 17. bxc5 Na5 18. Rab1 Rb8 19. Bf4 Nc4 20. Bg5 h6
21. Bh4 Qd7 22. Bxe7 Qxe7 23. f4=
1/2-1/2

[Event "Youth League Tournament"]
[Site "SchemingMind.com"]
[Date "2006.10.06"]
[Round "-"]
[White "tassie_devil"]
[Black "Mitchell-in"]
[Result "1/2-1/2"]
[WhiteCountry "AUS"]
[BlackCountry "ENG"]
[WhiteElo "1870"]
[WhiteRD "84"]
[BlackElo "1578"]
[BlackRD "60"]
[GameID "70141"]

1. Nf3 c5 2. c4 g6 3. g3 Bg7 4. Bg2 Nc6 5. Nc3 e6 6. b3 Nge7 7. O-O O-O 8. Bb2 f5 9. d3 d6 10. Qd2 b6
11. e3 Bb7 12. Ng5 Qd7 13. a4 h6 14. Nf3 a6 15. d4 cxd4 16. exd4 Rae8 17. d5 exd5 18. Nxd5 Nxd5 19. Qxd5+ Qe6 20. Bxg7 Kxg7
21. Qd2 Re7= 22. Nd4 Qd7 23. Rae1 Rfe8 24. Rxe7+ Rxe7 25. Nxc6 Bxc6 26. Qd4+ Kh7 27. Qxb6 Bxg2 28. Kxg2 Qb7+ 29. Qxb7 Rxb7 30. Rb1 a5
31. f4 Kg7 32. h4 Kf6 33. Rd1 Ke6 34. Rd3 Rb6 35. Kf3 h5= 36. Ke3 Kf6 37. Kd4=
1/2-1/2

[Event "Youth League Tournament"]
[Site "SchemingMind.com"]
[Date "2006.10.05"]
[Round "-"]
[White "tassie_devil"]
[Black "acchessor"]
[Result "1-0"]
[WhiteCountry "AUS"]
[BlackCountry "USA"]
[WhiteElo "1915"]
[WhiteRD "90"]
[BlackElo "1376"]
[BlackRD "110"]
[GameID "70142"]

1. Nf3 Nc6 2. e4 e5 3. Bb5 Nf6 4. O-O Bc5 5. c3 O-O 6. d4 exd4 7. cxd4 Bb6 8. d5 Ne7 9. Nc3 d6 10. Bg5 Ng6
11. Na4 Bd7 12. Nxb6 axb6 13. Bxd7 Qxd7 14. Nd4 c5 15. Nf5 h6 16. Bxf6 gxf6 17. Qh5
1-0

[Event "Youth League Tournament"]
[Site "SchemingMind.com"]
[Date "2006.10.05"]
[Round "-"]
[White "asperse"]
[Black "tassie_devil"]
[Result "0-1"]
[WhiteCountry "ENG"]
[BlackCountry "AUS"]
[WhiteElo "1408"]
[WhiteRD "73"]
[BlackElo "1915"]
[BlackRD "90"]
[GameID "70145"]

1. f4 g6 2. e4 Bg7 3. Nc3 e6 4. d4 Ne7 5. Be2 Nbc6 6. Nf3 d5 7. e5 O-O 8. O-O a6 9. a4 f6 10. Bd2 Nf5
11. Bc1 b6 12. b3 Bb7 13. Ba3 Ne3 14. Qd3 Nxf1 15. Bxf8 Nxh2 16. Nxh2 Qxf8 17. g4 fxe5 18. fxe5 Qf4 19. Rd1 Nxd4 20. Qxd4 Qg3+
21. Kf1 Qxh2 22. Rd2 Rf8+ 23. Bf3 Rxf3+ 24. Ke1 Qh1+ 25. Ke2 Qf1#
0-1

[Event "Youth League Tournament"]
[Site "SchemingMind.com"]
[Date "2006.10.05"]
[Round "-"]
[White "fouche"]
[Black "tassie_devil"]
[Result "0-1"]
[WhiteCountry "COL"]
[BlackCountry "AUS"]
[WhiteElo "1586"]
[WhiteRD "57"]
[BlackElo "1915"]
[BlackRD "90"]
[GameID "70146"]

1. d4 g6 2. e4 Bg7 3. f4 d6 4. Nf3 Bg4 5. Be3 Nf6 6. Bd3 O-O 7. O-O Nbd7 8. Nbd2 e5 9. h3 exf4 10. Bxf4 Nh5
11. Be3 Bxf3 12. Nxf3 Qe8 13. c3 Nhf6 14. Qc2 c6 15. Rae1 Qb8 16. Bf4 Nh5 17. Bh2 Qc7 18. Ng5 Rae8 19. Qb3 Nhf6 20. e5 dxe5
21. dxe5 Nxe5 22. Bc4 Nd5 23. Bxd5 cxd5 24. Qxd5 Qb6+ 25. Kh1 Rd8 26. Qb3 Qxb3 27. axb3 Rd5 28. Bxe5 Rxe5 29. Ne4 Rfe8 30. Rd1 Rxe4
31. Rd7 R4e7 32. Rfd1 Rxd7 33. Rxd7 Re1+ 34. Kh2 Be5+ 35. g3 Re2+ 36. Kg1 Rxb2 37. Rxb7 Bxc3 38. Rxa7 Bd4+
0-1

[Event "Youth League Tournament"]
[Site "SchemingMind.com"]
[Date "2006.10.05"]
[Round "-"]
[White "Maksymiliang"]
[Black "tassie_devil"]
[Result "1/2-1/2"]
[WhiteCountry "POL"]
[BlackCountry "AUS"]
[WhiteElo "1794"]
[WhiteRD "109"]
[BlackElo "1915"]
[BlackRD "90"]
[GameID "70147"]

1. e4 c5 2. Nf3 d6 3. d4 cxd4 4. Nxd4 Nf6 5. Nc3 Nc6 6. f4 e5 7. Nxc6 bxc6 8. fxe5 dxe5 9. Qxd8+ Kxd8 10. Bg5 Rb8
11. O-O-O+ Ke8 12. Bxf6 gxf6 13. a3 Be6 14. h3 Bc5 15. g4 h5 16. Be2 Be3+ 17. Kb1 hxg4 18. hxg4 Ke7 19. Rh5 Rxh5 20. gxh5 f5
21. Ka1 fxe4 22. Nxe4 f5 23. Nc3 Rg8=
1/2-1/2

[Event "Youth League Tournament"]
[Site "SchemingMind.com"]
[Date "2006.10.06"]
[Round "-"]
[White "Mitchell-in"]
[Black "tassie_devil"]
[Result "0-1"]
[WhiteCountry "ENG"]
[BlackCountry "AUS"]
[WhiteElo "1578"]
[WhiteRD "60"]
[BlackElo "1870"]
[BlackRD "84"]
[GameID "70148"]

1. e4 c5 2. c3 Nf6 3. e5 Nd5 4. d4 Nc6 5. Nf3 cxd4 6. cxd4 b6 7. Bc4 e6 8. Bxd5 exd5 9. O-O d6 10. exd6 Bxd6
11. Re1+ Be6 12. Nc3 O-O 13. Be3 Re8 14. Qd2 Bg4 15. Ng5 h6 16. h3 Bh5 17. g4 Bg6 18. Nf3 Qf6 19. Nh2 Nb4 20. Rac1 Nd3
21. Nxd5 Qe6 22. Nc7 Bxc7 23. Rxc7 Nxe1 24. Qxe1 Qxa2 25. Qc3 Qb1+ 26. Kg2 Be4+ 27. Nf3 Qd1 28. Bf4 Bxf3+ 29. Qxf3 Qxf3+ 30. Kxf3 Rec8
31. Rd7 Rd8 32. Rb7 Rxd4 33. Bb8 Rb4 34. Bxa7 b5
0-1